000 00562nam a2200181Ia 4500
008 240729s9999 xx 000 0 und d
022 _a1756-2864
245 0 _aTherapeutic Advances in Neurological Disorders
260 _aUnited States
260 _bSAGE Publishing
650 _a Internal medicine
650 _a Neurology. Diseases of the nervous system
650 _a Neurosciences. Biological psychiatry. Neuropsychiatry
650 _aMedicine
856 _uhttps://doaj.org/toc/1b1b871fe65948808be97d771e7e58e6
942 _2ddc
942 _cDOAJEJ
999 _c67820
_d67820
945 _a1
_bMadushi Gamage
_c1
_dMadushi Gamage